| 000 | 00458nam a22001577a 4500 | ||
|---|---|---|---|
| 005 | 20240109155316.0 | ||
| 008 | 190604b xxu||||| |||| 00| 0 eng d | ||
| 020 | _a978-93-5164-785-0 | ||
| 041 | _aeng | ||
| 100 |
_aMINIYAR, DR PANKAJ. B. PATWARDHAN, MRS. SUNETRA K. AND GOKHALE, S.B _98362 |
||
| 245 | _aNATURAL PRODUCT CHEMISTRY simplified [semester-vi] | ||
| 250 | _a2ND eD. 2018 | ||
| 260 |
_aPUNE _bNIRALI PRAKASHAN |
||
| 300 | _aI.4p, | ||
| 942 | _cBK | ||
| 999 |
_c5939 _d5937 |
||